Системный анализ в логистике. Выбор в условиях неопределенности: учебник для вузов

Bibliographic Details
Main Author: Бродецкий Г. Л. Геннадий Леонидович
Summary:Рассмотрены методы и модели системного анализа, связанные с выбором эффективных решений в условиях неопределенности для систем логистики. Особое внимание уделено их специфике применительно к задачам управления запасами в условиях неопределенности. Проанализированы аномальные феномены «блокировок» выбора решений при оптимизации таких систем. Представлены специальные модификации традиционных критериев выбора, позволяющие устранять указанные феномены, чтобы эффективно адаптировать выбор наилучшего решения к предпочтениям лица, принимающего решение. Продемонстрированы методы анализа и оптимизации указанных систем с учетом временной стоимости денег. Для студентов учреждений высшего профессионального образования, обучающихся по экономическим специальностям. Может быть полезен слушателям системы последипломного образования и широкому кругу специалистов, обслуживающих логистические системы.
Language:Russian
Published: Москва, Академия, 2010
Series:Высшее профессиональное образование. Экономика и управление
Subjects:
Format: Book
KOHA link:https://koha.lib.tpu.ru/cgi-bin/koha/opac-detail.pl?biblionumber=156202

MARC

LEADER 00000nam0a2200000 4500
001 156202
005 20231101221904.0
010 |a 9785769559723 
035 |a (RuTPU)RU\TPU\book\169411 
090 |a 156202 
100 |a 20090324d2010 m y0rusy50 ca 
101 0 |a rus 
102 |a RU 
105 |a a j 001zy 
200 1 |a Системный анализ в логистике. Выбор в условиях неопределенности  |e учебник для вузов  |f Г. Л. Бродецкий 
210 |a Москва  |c Академия  |d 2010 
215 |a 336 с.  |c ил. 
225 1 |a Высшее профессиональное образование. Экономика и управление 
320 |a Библиогр.: с. 330. 
330 |a Рассмотрены методы и модели системного анализа, связанные с выбором эффективных решений в условиях неопределенности для систем логистики. Особое внимание уделено их специфике применительно к задачам управления запасами в условиях неопределенности. Проанализированы аномальные феномены «блокировок» выбора решений при оптимизации таких систем. Представлены специальные модификации традиционных критериев выбора, позволяющие устранять указанные феномены, чтобы эффективно адаптировать выбор наилучшего решения к предпочтениям лица, принимающего решение. Продемонстрированы методы анализа и оптимизации указанных систем с учетом временной стоимости денег. Для студентов учреждений высшего профессионального образования, обучающихся по экономическим специальностям. Может быть полезен слушателям системы последипломного образования и широкому кругу специалистов, обслуживающих логистические системы. 
606 1 |a Логистика  |x Логистические стратегии  |2 stltpush  |3 (RuTPU)RU\TPU\subj\36364  |9 57772 
610 1 |a системные методы 
610 1 |a системные модели 
610 1 |a системный анализ 
610 1 |a неопределенность 
610 1 |a логистические риски 
610 1 |a принятие решений 
610 1 |a модификации 
610 1 |a диверсификация 
610 1 |a утопические точки 
610 1 |a управление запасами 
610 1 |a поставки 
610 1 |a оптимальные стратегии 
610 1 |a учебники 
686 |a У9(2)40я73  |v LBC/SL-A  |2 rubbk 
700 1 |a Бродецкий  |b Г. Л.  |g Геннадий Леонидович 
801 1 |a RU  |b 63413507  |c 20090324  |g PSBO 
801 2 |a RU  |b 63413507  |c 20150601  |g RCR 
900 |a Теория систем и системный анализ 
942 |c BK 
959 |a 38/20090320  |d 2  |e 0  |f АНЛ:1  |f ЧЗГЛ:1 
959 |a 20/20100322  |d 2  |e 412,50  |f АНЛ:1  |f ЧЗГЛ:1